| 000 | 00614nam a2200205Ia 4500 | ||
|---|---|---|---|
| 003 | OSt | ||
| 005 | 20240319161000.0 | ||
| 008 | 210210b2001 xxu||||| |||| 00| 0 eng d | ||
| 040 | _cAL | ||
| 041 | _aKannada | ||
| 082 | _aK894.8 GIRS | ||
| 100 |
_aGIRADDI GOVINDARAJA. _dಗಿರಡ್ಡಿ ಗೋವಿಂದರಾಜ _9155497 |
||
| 245 |
_aShatamanada kavya. _bಶತಮಾನದ ಕಾವ್ಯ |
||
| 260 |
_aBengaluru. _bKarnataka Sahitya Akademi., _c2001 |
||
| 300 | _axxxxvi,557 | ||
| 650 |
_aKannada Kavya _9155498 |
||
| 690 |
_aKannada Miscellaneous _9155499 |
||
| 906 | _a056670 | ||
| 942 |
_2ddc _cBK |
||
| 999 |
_c104172 _d104172 |
||